[Event "ITA-ch Seniors 34th"]
[Site "Arvier"]
[Date "2012.04.14"]
[Round "1"]
[White "Renzini, Lorenzo"]
[Black "Iudicello, Giovanni"]
[Result "0-1"]
[WhiteElo "1745"]
[BlackElo "2159"]
[PlyCount "107"]
[EventDate "2012.04.14"]
[EventType "swiss"]
[EventRounds "9"]
[EventCountry "ITA"]
[SourceTitle "CBM 148 Extra"]
[Source "ChessBase"]
[SourceDate "2012.06.22"]
[SourceVersion "1"]
[SourceVersionDate "2012.06.22"]
[SourceQuality "1"]

1. c4 g6 2. g3 Bg7 3. Bg2 d6 4. Nc3 e5 5. e4 Nf6 6. Nge2 0-0 7. 0-0 Nc6 8. d3 Be6 9. Be3 Qd7 10. b3 Bh3 11. d4 Bxg2 12. Kxg2 Ng4 13. Nd5 Nxe3+ 14. fxe3 f6 15. Nec3 Rae8 16. Qd3 f5 17. exf5 gxf5 18. dxe5 Nxe5 19. Qd2 c6 20. Nf4 Ng4 21. Rae1 Qe7 22. Nd1 Rf6 23. h3 Ne5 24. Nh5 Rff8 25. Nxg7 Kxg7 26. Qd4 a6 27. Re2 Rf6 28. Ref2 Ref8 29. Qh4 Ng6 30. Qd4 Qe5 31. Nc3 h5 32. Ne2 c5 33. Qxe5 dxe5 34. Nc3 Ne7 35. Rd1 R8f7 36. Rd7 Nc6 37. Rxf7+ Rxf7 38. Na4 Kg6 39. Nxc5 Rc7 40. Rd2 Nb4 41. Rd6+ Kf7 42. Rd7+ Rxd7 43. Nxd7 Nxa2 44. Nxe5+ Ke6 45. Nd3 b6 46. Kf3 a5 47. Kf4 Nc3 48. Kf3 Ne4 49. Nf4+ Ke5 50. Nd3+ Kf6 51. Kf4 Ng5 52. h4 Ne4 53. Ne5 Nc5 54. Nd7+ 0-1

[Event "Ivrea Autumn 22th"]
[Site "Ivrea"]
[Date "2011.11.03"]
[Round "6"]
[White "Renzini, Lorenzo"]
[Black "Calzolari, Marco"]
[Result "1-0"]
[WhiteElo "1766"]
[BlackElo "1711"]
[PlyCount "61"]
[EventDate "2011.09.??"]
[EventType "swiss"]
[EventRounds "8"]
[EventCountry "ITA"]
[SourceTitle "EXT 2024"]
[Source "ChessBase"]
[SourceDate "2023.10.10"]
[SourceVersion "1"]
[SourceVersionDate "2023.10.10"]
[SourceQuality "1"]

1. c4 e5 2. Nc3 Nc6 3. g3 b6 4. Bg2 Bb7 5. Nf3 d6 6. 0-0 Nf6 7. d3 Qd7 8. Rb1 a5 9. a3 Rb8 10. b4 axb4 11. axb4 g6 12. Be3 Ng4 13. Nd5 Bg7 14. Bh3 f5 15. Bg5 0-0 16. Bd2 Ne7 17. Nxe7+ Qxe7 18. Bg2 d5 19. Qb3 dxc4 20. Qxc4+ Kh8 21. b5 Qd7 22. Ng5 Bxg2 23. Kxg2 Rbc8 24. h3 Nf6 25. Bb4 c5 26. bxc6 Rxc6 27. Qb3 Qb7 28. Kg1 e4 29. Bxf8 Bxf8 30. Nf7+ Kg7 31. Nd8 1-0

[Event "Ivrea Autumn 21st"]
[Site "Ivrea"]
[Date "2010.11.04"]
[Round "5"]
[White "Caresana, Alessandro"]
[Black "Renzini, Lorenzo"]
[Result "1-0"]
[WhiteElo "2003"]
[BlackElo "1751"]
[PlyCount "41"]
[EventDate "2010.10.07"]
[EventType "swiss"]
[EventRounds "9"]
[EventCountry "ITA"]
[SourceTitle "EXT 2024"]
[Source "ChessBase"]
[SourceDate "2023.10.10"]
[SourceVersion "1"]
[SourceVersionDate "2023.10.10"]
[SourceQuality "1"]

1. d4 Nf6 2. Nf3 g6 3. Bg5 Bg7 4. Nbd2 d6 5. h3 Nbd7 6. e4 0-0 7. Bc4 c5 8. c3 Qb6 9. 0-0 h6 10. Bh4 Re8 11. e5 dxe5 12. dxe5 Nh5 13. e6 fxe6 14. Qc2 Kh7 15. Ne4 Nf8 16. g4 Nf4 17. Bg3 e5 18. Bxf4 exf4 19. Rfe1 Qc6 20. Rad1 b5 21. Bd5 1-0

[Event "EU Union-ch 6th"]
[Site "Arvier"]
[Date "2010.09.04"]
[Round "1"]
[White "Renzini, Lorenzo"]
[Black "Grant, Jonathan"]
[Result "0-1"]
[WhiteElo "1751"]
[BlackElo "2210"]
[PlyCount "50"]
[EventDate "2010.09.04"]
[EventType "swiss"]
[EventRounds "9"]
[EventCountry "ITA"]
[SourceTitle "CBM 138 Extra"]
[Source "ChessBase"]
[SourceDate "2010.10.29"]
[SourceVersion "1"]
[SourceVersionDate "2010.10.29"]
[SourceQuality "1"]

1. c4 c5 2. g3 Nf6 3. Nc3 e6 4. Bg2 d5 5. cxd5 exd5 6. d4 cxd4 7. Qxd4 Nc6 8. Qd1 d4 9. Ne4 Bf5 10. Nxf6+ Qxf6 11. Nf3 Bb4+ 12. Bd2 0-0 13. 0-0 Bc5 14. Bg5 Qe6 15. Rc1 Bb6 16. a3 h6 17. Bf4 Rad8 18. Ne1 Rfe8 19. Bf3 Bh3 20. Ng2 g5 21. Bd2 Rd7 22. Qc2 d3 23. exd3 Nd4 24. Qd1 Nxf3+ 25. Qxf3 Bg4 0-1

[Event "Ivrea Eporediese op 27th"]
[Site "Ivrea"]
[Date "2010.01.21"]
[Round "1"]
[White "Renzini, Lorenzo"]
[Black "Chiarotto, Filippo"]
[Result "0-1"]
[WhiteElo "1746"]
[BlackElo "2073"]
[PlyCount "84"]
[EventDate "2010.01.21"]
[EventType "swiss"]
[EventRounds "6"]
[EventCountry "ITA"]
[SourceTitle "EXT 2024"]
[Source "ChessBase"]
[SourceDate "2023.10.10"]
[SourceVersion "1"]
[SourceVersionDate "2023.10.10"]
[SourceQuality "1"]

1. c4 e5 2. Nc3 Nf6 3. g3 Nc6 4. Bg2 Bb4 5. e3 0-0 6. Nge2 Re8 7. 0-0 Bf8 8. d4 d6 9. d5 Ne7 10. b3 Ng6 11. e4 c6 12. Qd2 Bd7 13. f4 Ng4 14. f5 Qb6+ 15. Kh1 Nf2+ 16. Rxf2 Qxf2 17. fxg6 hxg6 18. Ng1 Qxd2 19. Bxd2 Be7 20. Nf3 Rf8 21. Rd1 a6 22. Be3 c5 23. Ng5 b5 24. cxb5 axb5 25. Rd2 Bd8 26. Bh3 Bxh3 27. Nxh3 Ba5 28. Rc2 Bxc3 29. Rxc3 Rxa2 30. Nf2 f5 31. Rc1 f4 32. gxf4 exf4 33. Bxc5 dxc5 34. Kg1 f3 35. e5 Rd2 36. Rd1 Rxd1+ 37. Nxd1 Rf5 38. d6 Rxe5 39. Nc3 Kf7 40. Nxb5 Re3 41. Na7 Rxb3 42. Nc6 Ke6 0-1

[Event "ITA-ch Seniors 31st"]
[Site "Arvier"]
[Date "2009.04.26"]
[Round "3"]
[White "De Polzer, Manfredi"]
[Black "Renzini, Lorenzo"]
[Result "1/2-1/2"]
[WhiteElo "1813"]
[BlackElo "1812"]
[PlyCount "43"]
[EventDate "2009.04.24"]
[EventType "swiss"]
[EventRounds "9"]
[EventCountry "ITA"]
[SourceTitle "EXT 2011"]
[Source "ChessBase"]
[SourceDate "2010.11.26"]
[SourceVersion "1"]
[SourceVersionDate "2010.11.26"]
[SourceQuality "1"]

1. e4 c5 2. c3 d5 3. exd5 Qxd5 4. Nf3 Nf6 5. d3 e6 6. Be2 Be7 7. 0-0 Nc6 8. Be3 0-0 9. Qc2 b6 10. a3 Bb7 11. Nbd2 Rad8 12. Rad1 Qd7 13. Ne4 Nd5 14. Bc1 Qc7 15. g3 Ne5 16. Nxe5 Qxe5 17. c4 Nf6 18. Bf3 Nxe4 19. dxe4 Bf6 20. Bg2 Qc7 21. Rfe1 e5 22. a4 1/2-1/2

[Event "EU Union-ch 3rd"]
[Site "Arvier"]
[Date "2007.06.16"]
[Round "2"]
[White "Marguerettaz, Davy"]
[Black "Renzini, Lorenzo"]
[Result "1-0"]
[WhiteElo "2005"]
[BlackElo "1839"]
[PlyCount "83"]
[EventDate "2007.06.15"]
[EventType "swiss"]
[EventRounds "10"]
[EventCountry "ITA"]
[SourceTitle "CBM 118 Extra"]
[Source "ChessBase"]
[SourceDate "2007.07.04"]
[SourceVersion "1"]
[SourceVersionDate "2007.07.04"]
[SourceQuality "1"]

1. d4 Nf6 2. c4 g6 3. Nc3 Bg7 4. e4 d6 5. f3 0-0 6. Be3 Nc6 7. Qd2 e5 8. d5 Ne7 9. Nge2 Ne8 10. g4 f6 11. Ng3 b6 12. h4 Bd7 13. h5 g5 14. h6 Bh8 15. Nf5 Ng6 16. Ne2 Bxf5 17. gxf5 Ne7 18. Bh3 Rf7 19. Bg4 Nc8 20. Bh5 Rd7 21. Rg1 Rb8 22. Bxg5 fxg5 23. Qxg5+ Qxg5 24. Rxg5+ Kf8 25. Bxe8 Rd8 26. Bb5 Bf6 27. Rg4 Kf7 28. 0-0-0 Rg8 29. Rdg1 Rxg4 30. fxg4 Bg5+ 31. Kb1 Bxh6 32. Rh1 Kg7 33. f6+ Kg6 34. Be8+ Kg5 35. Rh5+ Kxf6 36. Rxh6+ Kg7 37. Re6 Kf8 38. Ng3 Ne7 39. Bh5 Ng8 40. Nf5 Rd8 41. Kc2 a6 42. b4 1-0